Les 10 mangas les plus vendus au Japon en 2024 - Statistiques

Statistiques générales
  • Ce quiz a été pris 140 fois
  • Le résultat moyen est 3 sur 10
Statistiques - réponses
Nombre de tomes vendus Nom du manga % Correct
2 5 250 210 One Piece
98%
1 7 610 995 Jujutsu Kaisen
64%
5 3 881 269 Blue Lock
49%
9 2 943 985 My Hero Academia
44%
10 2 662 408 Spy x Family
26%
7 3 234 204 Kingdom
14%
3 4 988 170 Frieren
12%
6 3 398 326 Kaiju n°8
12%
8 3 077 085 Haikyu!!
9%
4 4 723 562 Les Carnets de l'apothicaire
4%
Aucun quiz correspondant
Distribution des résultats
% des personnes avec chaque résultat
Percentile par nombre de réponses
Votre historique - résultats
Vous n’avez pas pris ce quiz